America's treasure, the Virgin Mary de Guadalupe / (Registro nro. 39382)
[ vista simple ]
| 000 -LEADER | |
|---|---|
| fixed length control field | 00964cam a2200289 i 4500 |
| 001 - CONTROL NUMBER | |
| control field | 39382 |
| 003 - CONTROL NUMBER IDENTIFIER | |
| control field | Mx-PuUPA |
| 005 - DATE AND TIME OF LATEST TRANSACTION | |
| control field | 20260312110312.0 |
| 008 - FIXED-LENGTH DATA ELEMENTS--GENERAL INFORMATION | |
| fixed length control field | 140415s1955 mx a fr 001 0 eng d |
| 040 ## - CATALOGING SOURCE | |
| Transcribing agency | Mx-PuUPA |
| Original cataloging agency | Mx-PuUPA |
| Language of cataloging | spa |
| Modifying agency | Mx-PuUPA |
| Description conventions | rda |
| 041 0# - LANGUAGE CODE | |
| Language code of text/sound track or separate title | eng |
| 043 ## - GEOGRAPHIC AREA CODE | |
| Geographic area code | n-mx--- |
| 100 1# - MAIN ENTRY--PERSONAL NAME | |
| Personal name | Behrens, Helen, |
| Dates associated with a name | 1888- |
| 9 (RLIN) | 17799 |
| Relator term | autor |
| 245 ## - TITLE STATEMENT | |
| Title | America's treasure, the Virgin Mary de Guadalupe / |
| Statement of responsibility, etc. | Helen Behrens |
| 264 #1 - PRODUCTION, PUBLICATION, DISTRIBUTION, MANUFACTURE, AND COPYRIGHT NOTICE | |
| Place of production, publication, distribution, manufacture | México, D.F.: |
| Name of producer, publisher, distributor, manufacturer | Curia del Arzobispado de México, |
| Date of production, publication, distribution, manufacture, or copyright notice | 1955 |
| 300 ## - PHYSICAL DESCRIPTION | |
| Extent | 64 páginas : |
| Other physical details | ilustraciones ; |
| Dimensions | 18 cm |
| 336 ## - CONTENT TYPE | |
| Fuente | rdacontent |
| Content type term | texto |
| Content type code | txt |
| 337 ## - MEDIA TYPE | |
| Source | rdamedia |
| Media type term | sin medio |
| Media type code | n |
| 338 ## - CARRIER TYPE | |
| Source | rdacarrier |
| Carrier type term | volumen |
| Carrier type code | nc |
| 600 04 - SUBJECT ADDED ENTRY--PERSONAL NAME | |
| Personal name | Diego, Juan, |
| Dates associated with a name | 1474 - 1548 |
| General subdivision | Apariciones |
| 600 04 - SUBJECT ADDED ENTRY--PERSONAL NAME | |
| Personal name | Virgen María |
| General subdivision | Apariciones y milagros |
| 600 04 - SUBJECT ADDED ENTRY--PERSONAL NAME | |
| Personal name | Nuestra Señora de Guadalupe |
| Geographic subdivision | México |
| 650 #7 - SUBJECT ADDED ENTRY--TOPICAL TERM | |
| Source of heading or term | armarc |
| 9 (RLIN) | 13986 |
| 942 ## - ADDED ENTRY ELEMENTS (KOHA) | |
| Source of classification or shelving scheme | Dewey Decimal Classification |
| Koha item type | Libro |
| Classification part | 232.917 |
| Item part | B45 |
| Withdrawn status | Lost status | Source of classification or shelving scheme | Damaged status | Not for loan | Collection code | Home library | Current library | Shelving location | Date acquired | Source of acquisition | Total Checkouts | Full call number | Barcode | Date last seen | Price effective from | Koha item type |
|---|---|---|---|---|---|---|---|---|---|---|---|---|---|---|---|---|
| Dewey Decimal Classification | General | Centro de Estudios Guadalupanos | Centro de Estudios Guadalupanos | Sala general | 03/12/2013 | Compra | 232.917 B45 1955 | 48344 | 23/03/2026 | 15/09/2015 | Libro |